000 00770nam a2200169Ia 4500
008 090711s9999 xx 000 0 und d
082 _b77538
100 _aजाधव रा. ग.
245 _aतर्कतीर्थ लक्ष्मण शास्त्री जोशी यांSो निवडक निबंध
260 _c1994
300 _a148
600 _aजाधव रा. ग.
630 _aतर्कतीर्थ लक्ष्मण शास्त्री जोशी यांSो निवडक निबंध
700 _aजाधव रा. ग.
730 _aतर्कतीर्थ लक्ष्मण शास्त्री जोशी यांSो निवडक निबंध
942 _cBOOK
999 _c289751
_d289751